Επιστήμη, γνώση και μέθοδος
Saved in:
| Main Author: | |
|---|---|
| Format: | Book |
| Language: | Greek |
| Published: |
Αθήνα :
Νήσος,
2005, c2003.
|
| Series: | Παραδόσεις ;
9 |
| Subjects: | |
| Tags: |
Add Tag
No Tags, Be the first to tag this record!
|
MARC
| LEADER | 00000cam a2200000 i 4500 | ||
|---|---|---|---|
| 001 | 1/98856 | ||
| 008 | 081205s2005 gr | ||| |||| ||gre|| | ||
| 020 | |a 960874895X | ||
| 035 | |l 10102242 | ||
| 040 | |a GR-MyUa |b gre |e AACR2 | ||
| 041 | 0 | |a gre | |
| 082 | 7 | |a 121 |2 (22) | |
| 100 | 1 | |a Γκίβαλος, Μενέλαος Α. | |
| 245 | 1 | 0 | |a Επιστήμη, γνώση και μέθοδος / |c Μενέλαος Α. Γκίβαλος. |
| 260 | |a Αθήνα : |b Νήσος, |c 2005, c2003. | ||
| 300 | |a 406 σ. : |b εικ. ; |c 21 εκ. | ||
| 490 | 1 | |a (Παραδόσεις ; |v 9) | |
| 504 | |a Περιλαμβάνει βιβλιογραφίες και ευρετήριο. | ||
| 650 | 0 | 0 | |a Knowledge, Theory of. |
| 650 | 0 | 0 | |a Science |x Philosophy. |
| 830 | 0 | |a Παραδόσεις ; |v 9 | |
| 852 | |a INST |b SYROS |e 20081205 |h 121 ΓΚΙ |p 005500008833 |q 005500008833 |t BK |y 0 | ||
| 901 | |a BIBL5-2008-3 | ||
| 922 | |a 5ΕΛΗ |b 200801 |c ΕΠΕΑΕΚ2/ΤΜΣΠΣ |d Σ. ΠΑΤΑΚΗΣ | ||
| 970 | |a ΚΑΓΙΑΒΑ |b ΕΙΡΗΝΗ |z 2008/12/05 | ||